| 000 | 00839cam a2200193K 4500 | ||
|---|---|---|---|
| 082 | 0 | 4 |
_a356.009 _bBER |
| 100 | 1 |
_aBerget, Alphonse, _949688 |
|
| 245 | 1 | 4 |
_aThe conquest of the air _baeronautics, aviation; history, theory, practice, _cby Alphonse Berget ... with explanatory diagrams and photographs. |
| 260 |
_aNew York, _bG.P. Putnam's Sons, _aLondon, _bW. Heinemann, _c1909. |
||
| 300 |
_a1 online resource (xxiv, 295 p.) _billus. (incl. maps) XXXII (i.e. 36) pl. (incl. front.) |
||
| 500 | _a"Printed in England." | ||
| 500 | _aBook-plate of James Means. | ||
| 500 | _aPublished the same year in Paris with title: La route de l'air. | ||
| 526 |
_a0 _b0 _c0 _d356_009000000000000_BER |
||
| 650 | 0 |
_aAeronautics. _939164 |
|
| 650 | 0 |
_aMCE _9379 |
|
| 856 | 4 | 0 | _uhttp://catalog.hathitrust.org/api/volumes/oclc/2191029.html |
| 942 |
_2ddc _cBK |
||
| 999 |
_c552472 _d552472 |
||